| 000 | 00614nam a22002051 4500 | ||
|---|---|---|---|
| 001 | e 11002201 | ||
| 003 | DLC | ||
| 005 | 20260227111156.0 | ||
| 008 | 780301s1878 au 00010 ger c | ||
| 010 | _ae 11002201 | ||
| 035 | _aocl73639304 | ||
| 040 |
_aLibrary, U.S. Bur. of Education _cWMaUCS |
||
| 043 | _ae-gx--- | ||
| 050 | 0 |
_aLC1423 _b.R3 |
|
| 100 | 1 | 0 | _aReuper, Julius. |
| 245 | 1 | 0 |
_aFrauenberuf und frauenbildung. _bEin beitrag zur frauenfrage, _cvon Julius Reuper ... |
| 260 | 0 |
_aWien, _bA. Pichler's witwe & sohn, _c1878. |
|
| 300 |
_a2 p.l., 84 p. _c22 cm. |
||
| 650 | 0 |
_aWomen _xEducation _zGermany. |
|
| 999 |
_c19267 _d19267 |
||